000 00186nam a22000977a 4500
041 _aeng
080 _a80
100 _aSchneidman, Sarah
245 _aVisionen und Utopien
999 _c282201
_d282201
942 _cBK